000 00544nam a2200181Ia 4500
003 GCL
008 140319s9999 xx 000 0 eng d
040 _aGCL /
_cGCL
082 0 4 _a005.133
_bP I
100 1 _aPERRY, JO ELLEN
245 1 0 _aAN INTRODUCTION TO: OBJECT - ORIENTED DESIGN IN C++ /
_cPERRY, JO ELLEN
700 1 _aLEVIN, HAROLD D
260 _a[S.N] :
_bADDISON - WESLEY PUBLISHING COMPANY ،
_c1996
300 _a866 P
650 0 4 _aOBJECT - ORIENTED PROGRAMMING
650 0 4 _aC++(COMPUTER PROGRAM LANGUAGE)
942 _2ddc
_cBK
999 _c13130
_d13130